000 00559nam a2200169 i 4500
001 157744
003 ES-MaACL
005 20230906210831.0
008 040818s1868 it |||| | ita d
080 _a811.131.1
100 1 _aLignana, Giacomo.
_9128953
245 1 3 _aLa filologia al secolo XIX /
_cdiscorso di Giacomo Lignana.
260 _aNapoli :
_bDetken e Rocholl,
_c1868.
300 _a69 p. ;
_c20 cm.
650 4 _aFilologĂ­a italiana.
_9163678
852 4 _aES-MaACL
_jT-91-F-6
_z- Enc. hol., falto de cub. original
_z- Enc. en un vol. facticio
999 _c157744
_d157744